书目信息 |
| 题名: |
寂寞囚徒
|
|
| 作者: | 汉密尔顿 著 ;邹文华 译 | |
| 分册: | ||
| 出版信息: | 上海 上海文艺出版社 2025.03 |
|
| 页数: | 318页 | |
| 开本: | 21cm | |
| 丛书名: | ||
| 单 册: | ||
| 中图分类: | I561.45 | |
| 科图分类: | ||
| 主题词: | 推理小说--英国--现代 , 长篇小说--英国--现代 | |
| 电子资源: | ||
| ISBN: | 978-7-5321-9218-2 | |
| 000 | 00853nam0 2200265 450 | |
| 001 | 013576846 | |
| 005 | 20251022143835.01 | |
| 010 | @a978-7-5321-9218-2@dCNY45.00 | |
| 100 | @a20250424d2025 em y0chiy0120 ea | |
| 101 | 1 | @achi@ceng |
| 102 | @aCN@b310000 | |
| 105 | @ay z 000ay | |
| 106 | @ar | |
| 200 | 1 | @a寂寞囚徒@9ji mo qiu tu@dThe slaver of solitude@f(英)帕特里克·汉密尔顿著@g邹文华译@zeng |
| 210 | @a上海@c上海文艺出版社@d2025.03 | |
| 215 | @a318页@d21cm | |
| 300 | @a域外故事会 第五辑/黄禄善主编 | |
| 510 | 1 | @aSlaver of solitude@zeng |
| 606 | 0 | @a推理小说@y英国@z现代 |
| 606 | 0 | @a长篇小说@y英国@z现代 |
| 690 | @aI561.45@v5 | |
| 701 | 0 | @c(英)@a汉密尔顿@9han mi er dun@c(Hamilton, Patrick@f1904~1962)@4著 |
| 702 | 0 | @a邹文华@9zou wen hua@4译 |
| 801 | 0 | @aCN@c20250909 |
| 905 | @a河南城建学院图书馆@dI561.45@eH114-3@ZH114-3@f1 | |
| 寂寞囚徒=The slaver of solitude/(英)帕特里克·汉密尔顿著/邹文华译.-上海:上海文艺出版社,2025.03 |
| 318页;21cm |
| 域外故事会 第五辑/黄禄善主编 |
| ISBN 978-7-5321-9218-2:CNY45.00 |
| ● |
| 相关链接 |
|
|
|
正题名:寂寞囚徒
索取号:I561.45/H114-3
 
预约/预借
| 序号 | 登录号 | 条形码 | 馆藏地/架位号 | 状态 | 备注 |
| 1 | 1632380 | 216323805 | 文学库116/116文学库 20排6列5层/ [索取号:I561.45/H114-3] | 在馆 |